000 00772nam-a2200193-a-4500
001 000144351
003 AM-YeHGA
005 20250617152938.0
008 990908s1977 xxu 000 0 rus u
040 _aAM-YeHGA
245 1 0 _aПалинологические исследования в Грузии :
_b4-я международная палинологическая конференция /
_cРед. И.И. Тумаджанов.
260 0 _aТбилиси :
_bМецниереба ,
_c1977.
300 _a152 с. с таб ;
_c.
650 4 _aПалинология
700 1 0 _aТумаджанов, И.И.
_4edt
711 2 _aМеждународная палинологическая конференция, 4-я
942 _2udc
_cBK
090 _c383015
999 _c381089
_d381089